000 00987nam a2200265 a 4500
001 45582
003 BD-RJUL
005 20211209054034.0
008 160727s1967 enkab b 100 0 eng
035 _aBD-RJUL 45700
040 _aDLC
_cDLC
_dm.c
_beng
041 _aeng
082 _a338.00184
_bACT 1967
245 0 0 _aActivity analysis in the theory of growth and planning :
_bproceedings of a conference held by the International Economic Association /
_cedited by E. Malinvaud and M. O. L. Bacharach
260 _aLondon :
_bMacmillan ;
_aNew York :
_bSt. Martin's Press,
_c1967
300 _axv, 334 p. :
_bill. ;
_c22 1 /2 cm
504 _aIncludes bibliographies
650 0 _aEconomic development
_xMathematical models
_9139542
650 0 _aEconomic policy
_xMathematical models
_9139543
700 1 _aBacharach, Michael.
_9139544
700 1 _aMalinvaud, Edmond.
_9131977
710 2 _aInternational Economic Association.
_9130641
942 _2ddc
_cBK
999 _c45582
_d45582